College algebra / (Record no. 7926)
[ view plain ]
| 000 -LEADER | |
|---|---|
| fixed length control field | 04339cam a2200409 a 4500 |
| 001 - CONTROL NUMBER | |
| control field | 16794235 |
| 003 - CONTROL NUMBER IDENTIFIER | |
| control field | mut |
| 005 - DATE AND TIME OF LATEST TRANSACTION | |
| control field | 20240606081045.0 |
| 008 - FIXED-LENGTH DATA ELEMENTS--GENERAL INFORMATION | |
| fixed length control field | 110524s2013 caua 001 0 eng c |
| 010 ## - LIBRARY OF CONGRESS CONTROL NUMBER | |
| LC control number | 2011930416 |
| 020 ## - INTERNATIONAL STANDARD BOOK NUMBER | |
| International Standard Book Number | 9781111990169 |
| 020 ## - INTERNATIONAL STANDARD BOOK NUMBER | |
| International Standard Book Number | 1111990166 |
| 035 ## - SYSTEM CONTROL NUMBER | |
| System control number | (OCoLC)ocn798130528 |
| 040 ## - CATALOGING SOURCE | |
| Original cataloging agency | DLC |
| Language of cataloging | eng |
| Transcribing agency | DLC |
| Modifying agency | VVJ |
| -- | YDXCP |
| -- | BWX |
| -- | CDX |
| -- | PHADU |
| -- | CUK |
| -- | OCLCF |
| -- | DLC |
| 042 ## - AUTHENTICATION CODE | |
| Authentication code | pcc |
| 050 00 - LIBRARY OF CONGRESS CALL NUMBER | |
| Classification number | QA152.3 |
| Item number | .S74 2013 |
| 100 1# - MAIN ENTRY--PERSONAL NAME | |
| Personal name | Stewart, James, |
| Dates associated with a name | 1941- |
| 245 10 - TITLE STATEMENT | |
| Title | College algebra / |
| 250 ## - EDITION STATEMENT | |
| Edition statement | 6th ed. |
| 260 ## - PUBLICATION, DISTRIBUTION, ETC. | |
| Place of publication, distribution, etc. | Belmont, CA : |
| Name of publisher, distributor, etc. | Brooks/Cole, Cengage Learning, |
| Date of publication, distribution, etc. | c2013. |
| 300 ## - PHYSICAL DESCRIPTION | |
| Extent | 1 v. (various pagings) : |
| Other physical details | ill. (some col.) ; |
| Dimensions | 29 cm. |
| 500 ## - GENERAL NOTE | |
| General note | Includes index. |
| 505 0# - FORMATTED CONTENTS NOTE | |
| Formatted contents note | Prerequisites. Modeling the real world with algebra -- The real numbers -- Integer exponents and scientific notation -- Rational exponents and radicals -- Algebraic expressions -- Factoring -- Rational expressions -- Solving basic equations -- [1.] Equations and graphs. The coordinate plane -- Graphs of equations in two variables -- Lines -- Solving equations graphically -- Modeling with equations -- Solving quadratic equations -- Solving other types of equations -- Solving inequalities -- Solving absolute value equations and inequalities -- [2.] Functions. Functions -- Graphs of functions -- Getting information from the graph of a function -- Average rate of change of a function -- Transformations of functions -- Combining functions -- One-to-one functions and their inverses -- [3.] Polynomial and rational functions. Quadratic functions and models -- Polynomial functions and their graphs -- Dividing polynomials -- Real zeros of polynomials -- Complex numbers -- Complex zeros and the fundamental theorem of algebra -- Rational functions -- Modeling variation -- [4.] Exponential and logarithmic functions. Exponential functions -- The natural exponential function -- Logarithmic functions -- Laws of logarithms -- Exponential and logarithmic equations -- Modeling with exponential and logarithmic functions -- [5.] Systems of equations and inequalities. Systems of linear equations in two variables -- Systems of linear equations in several variables -- Partial fractions -- Systems of nonlinear equations -- Systems of inequalities -- [6.] Matrices and determinants. Matrices and systems of linear equations -- The algebra of matrices -- Inverses of matrices and matrix equations -- Determinants and Cramer's rule -- [7.] Conic sections. Parabolas -- Ellipses -- Hyperbolas -- Shifted conics -- [8.] Sequences and series. Sequences and summation notation -- Arithmetic sequences -- Geometric sequences -- Mathematics of finance -- Mathematical induction -- The binomial theorem -- [9.] Probability and statistics. Counting -- Probability -- Binomial probability -- Expected value -- Appendix A: Calculations and significant figures -- Appendix B: Graphing with a graphing calculator -- Appendix C: Using the TI-83/84 graphing calculator. |
| 520 ## - SUMMARY, ETC. | |
| Summary, etc. | This textbook introduces algebraic concepts such as the real-number system; arithmetic operations with polynomials, special products and factoring; linear, fractional and quadratic equations; inequalities, exponents, radicals and absolute values; functions and graphs; and complex numbers, logarithms, logarithmic and exponential functions. In addition, the book includes many real-world examples that show you how mathematics is used to model in fields like engineering, business, physics, chemistry, and biology. |
| 650 #0 - SUBJECT ADDED ENTRY--TOPICAL TERM | |
| Topical term or geographic name entry element | Algebra |
| Form subdivision | Textbooks. |
| 650 #7 - SUBJECT ADDED ENTRY--TOPICAL TERM | |
| Topical term or geographic name entry element | Algebra. |
| Source of heading or term | fast |
| 655 #7 - INDEX TERM--GENRE/FORM | |
| Genre/form data or focus term | Textbooks. |
| Source of term | fast |
| 700 1# - ADDED ENTRY--PERSONAL NAME | |
| Personal name | Redlin, L. |
| 700 1# - ADDED ENTRY--PERSONAL NAME | |
| Personal name | Watson, Saleem. |
| 700 1# - ADDED ENTRY--PERSONAL NAME | |
| Personal name | Panman, Phyllis. |
| 856 42 - ELECTRONIC LOCATION AND ACCESS | |
| Materials specified | Contributor biographical information |
| Uniform Resource Identifier | <a href="http://catdir.loc.gov/catdir/enhancements/fy1303/2011930416-b.html">http://catdir.loc.gov/catdir/enhancements/fy1303/2011930416-b.html</a> |
| 856 42 - ELECTRONIC LOCATION AND ACCESS | |
| Materials specified | Publisher description |
| Uniform Resource Identifier | <a href="http://catdir.loc.gov/catdir/enhancements/fy1303/2011930416-d.html">http://catdir.loc.gov/catdir/enhancements/fy1303/2011930416-d.html</a> |
| 856 41 - ELECTRONIC LOCATION AND ACCESS | |
| Materials specified | Table of contents only |
| Uniform Resource Identifier | <a href="http://catdir.loc.gov/catdir/enhancements/fy1303/2011930416-t.html">http://catdir.loc.gov/catdir/enhancements/fy1303/2011930416-t.html</a> |
| 906 ## - LOCAL DATA ELEMENT F, LDF (RLIN) | |
| a | 7 |
| b | cbc |
| c | pccadap |
| d | 2 |
| e | ncip |
| f | 20 |
| g | y-gencatlg |
| 942 ## - ADDED ENTRY ELEMENTS (KOHA) | |
| Source of classification or shelving scheme | Library of Congress Classification |
| Koha item type | Books |
| Withdrawn status | Lost status | Source of classification or shelving scheme | Damaged status | Not for loan | Home library | Current library | Date acquired | Total checkouts | Full call number | Barcode | Date last seen | Price effective from | Koha item type |
|---|---|---|---|---|---|---|---|---|---|---|---|---|---|
| Library of Congress Classification | Murang'a University of Technology Library | Murang'a University of Technology Library | 19/04/2017 | QA152.3 .S74 2013 | 008142 | 19/04/2017 | 19/04/2017 | Books |